Statistics for Capitals of the top 10 most populous countries

Click here to take the quiz!

General Stats

  • This quiz has been taken 43 times
  • The average score is 10 of 10

Answer Stats

CountryCapital% Correct
ChinaBeijing
100%
RussiaMoscow
100%
JapanTokyo
100%
United StatesWashington D.C.
100%
BrazilBrasilia
97%
IndiaNew Delhi
97%
PakistanIslamabad
94%
IndonesiaJakarta
94%
BangladeshDhaka
89%
NigeriaAbuja
78%

Score Distribution

Percentile by Number Answered

Percent of People with Each Score

Your Score History

You have not taken this quiz